| 000 | 01493 a2200217 4500 | ||
|---|---|---|---|
| 001 | 54473 | ||
| 005 | 20260407155817.0 | ||
| 008 | 260407a2000 arg spa d | ||
| 003 | AR-UNSa-BCEJYS | ||
| 040 |
_aAR-UNSa-BCEJYS _bspa _cAR-UNSa-BCEJYS |
||
| 080 |
_a316.421:339.9 _xOrigen de las sociedades globales y estructura social, económico, político y cultural (Globalización) |
||
| 245 | 1 | 0 |
_aCómo sobrevivir a la globalización _pUna guia para protegerse en la nueva economía global |
| 020 | _a987-97892-0-2 | ||
| 264 | 1 |
_aBuenos Aires : _bPearson Educación _c2000 |
|
| 300 |
_axxii, 214 p. _c24 cm. |
||
| 505 | _a1. Crisis último modelo - 2. Las crisis, ¿Castigo divino? - 3. ¿A que llamamos contagio? - 4. El juego de las diferencias - 5. ¿Conviene perder para sobrevivir? - 6. Viaje al centro del bolsillo del inversor - 7. La macro impronta - 8. Los tres frentes - 9. Antídotos para la crisis - 10. ¿Qué se puede aprender de una crisis? - 11. ¿Por dónde entró la crisis? - 12. Anatomía de una crisis financiera - 13. Cómo saber si su banco está bajo sitio - 14. Un rombo de tres lados - 15. El mercado de capitales como un frente de crisis - 16. La ventaja de contar con un buen público - 17. La oferta: el otro lado de la demanda - 18. Todo es cuestión de estructura - 19. La importancia de un buen ambiente - 20. Conclusión"una reflexión final" | ||
| 041 | _aspa | ||
| 942 | _cBK | ||
| 590 | _aniveau_biblio:m niveau_hierar:0 | ||
| 100 | 1 | _aRedrado, Martín | |
| 999 |
_c5575 _d5575 |
||